Dibujo tridimensional.

Uloženo v:
Podrobná bibliografie
Hlavní autor: Loomis, Andrew (autor)
Médium: Kniha
Vydáno: Buenos Aires, Argentina: Lancelot, 2010.
Vydání:1a.ed.
Témata:
Tagy: Přidat tag
Žádné tagy, Buďte první, kdo vytvoří štítek k tomuto záznamu!

MARC

LEADER 00000nam a22000007a 4500
003 CL-VaPUC
005 20250321101915.0
008 250110t2010 ||||| |||| 00| 0 eng d
999 |c 446429  |d 446427 
020 |a 987-22621-4-4 
040 |c Pontificia Universidad Católica de Valparaíso 
082 7 |a 741.2 LOO 2010  |2 22 
100 1 |a Loomis, Andrew  |e autor  |9 895221 
245 |a Dibujo tridimensional. 
250 |a 1a.ed.  |b Edición revisada de Dibujo de Exito.  
260 |a Buenos Aires, Argentina:  |b Lancelot,   |c 2010. 
300 |a 160 páginas :  |b  ilustraciones. 
500 |a c.1-c.4. Instituto Arcos. 
583 |c 20250110  |k GC 
650 |a Dibujo  |x Técnica   |9 895222 
650 |a Dibujo  |x Enseñanza  |9 895223 
942 |2 ddc  |c BK  |n 0 
952 |0 0  |1 0  |2 ddc  |4 0  |6 741_200000000000000_LOO_2010  |7 0  |8 A  |9 599112  |a BIBINC  |b BIBINC  |d 2025-01-10  |e Instituto Arcos   |i 5664121  |l 2  |m 2  |o 741.2 LOO 2010  |p 5664121  |q 2025-05-04  |r 2025-04-21  |s 2025-04-21  |t 1  |w 2025-01-10  |y BK  |k IFP 
952 |0 0  |1 0  |2 ddc  |4 0  |6 741_200000000000000_LOO_2010  |7 0  |8 A  |9 599113  |a BIBINC  |b BIBINC  |d 2025-01-10  |e Instituto Arcos   |i 5664122  |o 741.2 LOO 2010  |p 5664122  |r 2025-01-10  |t 2  |w 2025-01-10  |y BK  |k IFP 
952 |0 0  |1 0  |2 ddc  |4 0  |6 741_200000000000000_LOO_2010  |7 0  |8 A  |9 599114  |a BIBINC  |b BIBINC  |d 2025-01-10  |e Instituto Arcos   |i 5664123  |l 1  |o 741.2 LOO 2010  |p 5664123  |r 2025-04-09  |s 2025-04-09  |t 3  |w 2025-01-10  |y BK  |k IFP 
952 |0 0  |1 0  |2 ddc  |4 0  |6 741_200000000000000_LOO_2010  |7 0  |8 A  |9 599115  |a BIBINC  |b BIBINC  |d 2025-01-10  |e Instituto Arcos   |i 5664124  |l 1  |o 741.2 LOO 2010  |p 5664124  |r 2025-04-14  |s 2025-04-07  |t 4  |w 2025-01-10  |y BK  |k IFP